[Event "25th European Club Cup Women 2021"]
[Site "Struga"]
[Date "2021.09.19"]
[Round "2.14"]
[White "Dzagnidze, Nana"]
[Black "Gunina, Valentina"]
[Result "0-1"]
[WhiteElo "2525"]
[BlackElo "2446"]
[Annotator "ChessBase"]
[PlyCount "150"]
[EventDate "2021.09.18"]
[EventType "team-tourn"]
[EventCountry "MKD"]
[SourceTitle "playchess.com"]
[Source "ChessBase"]
[SourceQuality "1"]
[TimeControl "40/5400+30:1800+30"]

1. Nf3 {[%emt 0:00:05]} d5 {[%emt 0:00:07]} 2. c4 {[%emt 0:00:18]} c6 {[%emt 0:
00:07]} 3. d4 {[%emt 0:00:18]} Nf6 {[%emt 0:00:09]} 4. Nc3 {[%emt 0:00:10]}
dxc4 {[%emt 0:00:09]} 5. a4 {[%emt 0:00:29]} Bf5 {[%emt 0:00:06]} 6. Ne5 {
[%emt 0:00:42]} Nbd7 {[%emt 0:00:09]} 7. Nxc4 {[%emt 0:00:07]} Nb6 {[%emt 0:00:
05]} 8. Ne5 {[%emt 0:00:05]} a5 {[%emt 0:00:06]} 9. e3 {[%emt 0:00:23]} Nbd7 {
[%emt 0:00:57]} 10. Qb3 {[%emt 0:15:07]} Nxe5 {[%emt 0:00:30]} 11. dxe5 {
[%emt 0:00:03]} Nd7 {[%emt 0:00:05]} 12. e4 {[%emt 0:10:15]} Be6 {[%emt 0:00:
04]} 13. Qxb7 {[%emt 0:00:50]} Rb8 {[%emt 0:00:36]} 14. Qa7 {[%emt 0:04:47]}
Nxe5 {[%emt 0:00:57]} 15. Bf4 {[%emt 0:03:52]} f6 {[%emt 0:00:35]} 16. Be2 {
[%emt 0:04:38]} Qb6 {[%emt 0:05:08]} 17. Qxb6 {[%emt 0:01:02]} Rxb6 {[%emt 0:
00:04]} 18. O-O-O {[%emt 0:01:25]} Bb3 {[%emt 0:04:57]} 19. Rd2 {[%emt 0:01:28]
} e6 {[%emt 0:01:48]} 20. Bxe5 {[%emt 0:15:06]} fxe5 {[%emt 0:00:14]} 21. Bd1 {
[%emt 0:00:02]} Be7 {[%emt 0:06:07]} 22. Bxb3 {[%emt 0:00:57]} Rxb3 {[%emt 0:
06:50]} 23. Kc2 {[%emt 0:00:18]} Rb4 {[%emt 0:00:24]} 24. Rhd1 {[%emt 0:00:24]}
O-O {[%emt 0:00:35]} 25. b3 {[%emt 0:01:26]} Bg5 {[%emt 0:03:09]} 26. Re2 {
[%emt 0:00:01]} Rfb8 {[%emt 0:00:32]} 27. Rb1 {[%emt 0:03:06]} c5 {[%emt 0:00:
39]} 28. f3 {[%emt 0:12:38]} Rc8 {[%emt 0:01:33]} 29. Na2 {[%emt 0:12:01]} Rd4
{[%emt 0:01:02]} 30. Rd1 {[%emt 0:00:17]} c4 {[%emt 0:02:14]} 31. Rxd4 {
[%emt 0:01:33]} cxb3+ {[%emt 0:03:31]} 32. Kxb3 {[%emt 0:00:01]} exd4 {[%emt 0:
00:06]} 33. Rc2 {[%emt 0:01:50]} Rb8+ {[%emt 0:01:44]} 34. Kc4 {[%emt 0:00:06]}
e5 {[%emt 0:00:04]} 35. g3 {[%emt 0:07:43]} h5 {[%emt 0:01:47]} 36. Rg2 {
[%emt 0:01:59]} Be3 {[%emt 0:02:24]} 37. f4 {[%emt 0:00:07]} Kf7 {[%emt 0:01:
29]} 38. h4 {[%emt 0:03:12]} g6 {[%emt 0:00:32]} 39. fxe5 {[%emt 0:00:18]} Ke6
{[%emt 0:00:07]} 40. g4 {[%emt 0:00:00]} Kxe5 {[%emt 0:00:00]} 41. gxh5 {
[%emt 0:00:11]} gxh5 {[%emt 0:00:32]} 42. Kd3 {[%emt 0:00:24]} Rb3+ {[%emt 0:
00:08]} 43. Kc2 {[%emt 0:00:04]} Rb8 {[%emt 0:01:16]} 44. Kd3 {[%emt 0:00:08]}
Bf4 {[%emt 0:01:51]} 45. Rg7 {[%emt 0:04:40]} Rb2 {[%emt 0:02:24]} 46. Re7+ {
[%emt 0:00:23]} Kf6 {[%emt 0:04:21]} 47. Ra7 {[%emt 0:05:57]} Rd2+ {[%emt 0:04:
57]} 48. Kc4 {[%emt 0:00:04]} Rxa2 {[%emt 0:00:05]} 49. Rxa5 {[%emt 0:01:56]}
Be3 {[%emt 0:01:15]} 50. Rxh5 {[%emt 0:02:26]} Rxa4+ {[%emt 0:00:46]} 51. Kd3 {
[%emt 0:00:02]} Ra3+ {[%emt 0:01:29]} 52. Ke2 {[%emt 0:00:02]} Kg6 {[%emt 0:02:
30]} 53. Rd5 {[%emt 0:00:22]} Ra2+ {[%emt 0:01:22]} 54. Kf3 {[%emt 0:01:53]}
Rf2+ {[%emt 0:00:25]} 55. Kg3 {[%emt 0:00:09]} Rf6 {[%emt 0:00:49]} 56. Rd7 {
[%emt 0:01:23]} Re6 {[%emt 0:02:06]} 57. Kf3 {[%emt 0:00:08]} Kh5 {[%emt 0:00:
36]} 58. Rh7+ {[%emt 0:00:46]} Rh6 {[%emt 0:00:50]} 59. Rf7 {[%emt 0:14:42]}
Kg6 {[%emt 0:01:43]} 60. Rf8 {[%emt 0:00:33]} Rxh4 {[%emt 0:00:50]} 61. e5 {
[%emt 0:00:05]} Kg7 {[%emt 0:02:08]} 62. Rf5 {[%emt 0:00:34]} Rh8 {[%emt 0:00:
05]} 63. Ke4 {[%emt 0:00:07]} Rf8 {[%emt 0:00:25]} 64. Rh5 {[%emt 0:00:07]}
Rf4+ {[%emt 0:00:19]} 65. Kd3 {[%emt 0:00:08]} Kf7 {[%emt 0:01:00]} 66. Rh8 {
[%emt 0:01:09]} Ke6 {[%emt 0:00:27]} 67. Re8+ {[%emt 0:00:04]} Kd5 {[%emt 0:00:
03]} 68. e6 {[%emt 0:00:04]} Rf2 {[%emt 0:00:12]} 69. Rd8+ {[%emt 0:00:28]}
Kxe6 {[%emt 0:00:04]} 70. Ke4 {[%emt 0:00:03]} Rh2 {[%emt 0:00:47]} 71. Kd3 {
[%emt 0:00:25]} Rh3 {[%emt 0:00:14]} 72. Ke4 {[%emt 0:00:06]} Bf2 {[%emt 0:00:
23]} 73. Rf8 {[%emt 0:00:18]} Re3+ {[%emt 0:00:17]} 74. Kf4 {[%emt 0:00:02]}
Bg3+ {[%emt 0:00:08]} 75. Kg4 {[%emt 0:00:03]} Be5 {[%emt 0:00:07]} 0-1

[Event "25th European Club Cup Women 2021"]
[Site "Struga"]
[Date "2021.09.19"]
[Round "2.15"]
[White "Badelka, Olga"]
[Black "Cramling, Pia"]
[Result "1-0"]
[WhiteElo "2422"]
[BlackElo "2455"]
[Annotator "ChessBase"]
[PlyCount "143"]
[EventDate "2021.09.18"]
[EventType "team-tourn"]
[EventCountry "MKD"]
[SourceTitle "playchess.com"]
[Source "ChessBase"]
[SourceQuality "1"]
[TimeControl "40/5400+30:1800+30"]

1. e4 {[%emt 0:00:04]} c5 {[%emt 0:00:17]} 2. Nc3 {[%emt 0:00:14]} Nc6 {
[%emt 0:00:54]} 3. Nf3 {[%emt 0:00:14]} e6 {[%emt 0:02:29]} 4. d4 {[%emt 0:00:
29]} cxd4 {[%emt 0:00:06]} 5. Nxd4 {[%emt 0:00:03]} d6 {[%emt 0:04:13]} 6. f4 {
[%emt 0:07:37]} Nf6 {[%emt 0:01:53]} 7. Be3 {[%emt 0:00:53]} Be7 {[%emt 0:10:
59]} 8. Qf3 {[%emt 0:01:49]} e5 {[%emt 0:09:05]} 9. Nf5 {[%emt 0:07:02]} Bxf5 {
[%emt 0:01:15]} 10. exf5 {[%emt 0:00:03]} Qa5 {[%emt 0:03:08]} 11. O-O-O {
[%emt 0:07:36]} e4 {[%emt 0:04:46]} 12. Nxe4 {[%emt 0:03:13]} Qxa2 {[%emt 0:01:
43]} 13. Nc3 {[%emt 0:01:42]} Qa1+ {[%emt 0:01:07]} 14. Kd2 {[%emt 0:03:30]}
Qa5 {[%emt 0:00:37]} 15. Bb5 {[%emt 0:07:11]} d5 {[%emt 0:15:52]} 16. Ra1 {
[%emt 0:01:53]} Qc7 {[%emt 0:01:21]} 17. Kc1 {[%emt 0:00:55]} O-O {[%emt 0:02:
25]} 18. Rd1 {[%emt 0:04:04]} d4 {[%emt 0:10:46]} 19. Bxd4 {[%emt 0:01:30]}
Nxd4 {[%emt 0:00:07]} 20. Rxd4 {[%emt 0:00:03]} a6 {[%emt 0:02:20]} 21. Bd3 {
[%emt 0:17:37]} Bc5 {[%emt 0:06:53]} 22. Nd5 {[%emt 0:00:10]} Nxd5 {[%emt 0:00:
10]} 23. Rxd5 {[%emt 0:00:03]} Rfe8 {[%emt 0:00:41]} 24. Re5 {[%emt 0:14:28]}
Rxe5 {[%emt 0:01:38]} 25. fxe5 {[%emt 0:00:02]} Qxe5 {[%emt 0:00:06]} 26. Kb1 {
[%emt 0:00:12]} Qe1+ {[%emt 0:12:29]} 27. Ka2 {[%emt 0:00:03]} Qa5+ {[%emt 0:
00:06]} 28. Kb1 {[%emt 0:00:03]} Qe1+ {[%emt 0:00:28]} 29. Ka2 {[%emt 0:00:03]}
Qa5+ {[%emt 0:01:12]} 30. Kb1 {[%emt 0:00:02]} Qb6 {[%emt 0:00:52]} 31. c3 {
[%emt 0:09:58]} Qb3 {[%emt 0:01:32]} 32. Bc2 {[%emt 0:00:54]} Qb6 {[%emt 0:00:
05]} 33. Ka2 {[%emt 0:02:37]} Qa5+ {[%emt 0:01:17]} 34. Kb1 {[%emt 0:00:02]}
Qc7 {[%emt 0:01:09]} 35. Ka2 {[%emt 0:01:25]} Qa5+ {[%emt 0:00:10]} 36. Kb1 {
[%emt 0:00:03]} Qc7 {[%emt 0:00:03]} 37. Ka2 {[%emt 0:00:03]} Be7 {[%emt 0:03:
50]} 38. Rd1 {[%emt 0:01:38]} Bf6 {[%emt 0:00:09]} 39. Rd5 {[%emt 0:04:18]} Re8
{[%emt 0:00:24]} 40. h3 {[%emt 0:00:00]} h6 {[%emt 0:00:00]} 41. Bb3 {[%emt 0:
08:52]} b5 {[%emt 0:08:15]} 42. Qf2 {[%emt 0:02:33]} Qa5+ {[%emt 0:09:17]} 43.
Kb1 {[%emt 0:00:03]} Re7 {[%emt 0:00:24]} 44. Qc5 {[%emt 0:05:24]} Rc7 {
[%emt 0:03:54]} 45. Qe3 {[%emt 0:00:48]} Re7 {[%emt 0:00:38]} 46. Qc5 {[%emt 0:
00:02]} Rc7 {[%emt 0:00:20]} 47. Qe3 {[%emt 0:00:03]} Kh7 {[%emt 0:02:38]} 48.
Qd2 {[%emt 0:07:09]} Qb6 {[%emt 0:07:30]} 49. Rd7 {[%emt 0:00:14]} Qc5 {
[%emt 0:01:06]} 50. g4 {[%emt 0:06:40]} Bg5 {[%emt 0:02:05]} 51. Qd3 {[%emt 0:
00:58]} Rxd7 {[%emt 0:00:11]} 52. Qxd7 {[%emt 0:00:03]} Qe7 {[%emt 0:00:08]}
53. Qxe7 {[%emt 0:00:28]} Bxe7 {[%emt 0:00:02]} 54. Bxf7 {[%emt 0:00:06]} h5 {
[%emt 0:01:08]} 55. Bxh5 {[%emt 0:00:31]} Kh6 {[%emt 0:00:04]} 56. Kc2 {
[%emt 0:04:50]} Kg5 {[%emt 0:00:05]} 57. Kd3 {[%emt 0:00:29]} Kh4 {[%emt 0:00:
10]} 58. Kd4 {[%emt 0:00:45]} Kxh3 {[%emt 0:00:24]} 59. Kd5 {[%emt 0:00:28]} a5
{[%emt 0:00:41]} 60. Kc6 {[%emt 0:01:34]} b4 {[%emt 0:00:16]} 61. Kb5 {[%emt 0:
00:10]} Bf6 {[%emt 0:01:26]} 62. c4 {[%emt 0:02:11]} Bd8 {[%emt 0:00:30]} 63.
c5 {[%emt 0:01:53]} Kh4 {[%emt 0:00:20]} 64. c6 {[%emt 0:00:16]} Kg5 {[%emt 0:
00:29]} 65. b3 {[%emt 0:00:22]} Kf6 {[%emt 0:01:36]} 66. Kc5 {[%emt 0:01:16]}
Bc7 {[%emt 0:00:21]} 67. Be8 {[%emt 0:00:30]} Ke7 {[%emt 0:00:47]} 68. Bd7 {
[%emt 0:00:10]} Kf6 {[%emt 0:00:12]} 69. Be6 {[%emt 0:00:12]} Kg5 {[%emt 0:00:
41]} 70. Kb5 {[%emt 0:00:18]} Kf6 {[%emt 0:00:21]} 71. Ka6 {[%emt 0:00:11]} Ke7
{[%emt 0:00:52]} 72. Kb7 {[%emt 0:00:04]} 1-0

[Event "25th European Club Cup Women 2021"]
[Site "Struga"]
[Date "2021.09.19"]
[Round "2.16"]
[White "Paehtz, Elisabeth"]
[Black "Maltsevskaya, Aleksandra"]
[Result "1/2-1/2"]
[WhiteElo "2465"]
[BlackElo "2407"]
[Annotator "ChessBase"]
[PlyCount "108"]
[EventDate "2021.09.18"]
[EventType "team-tourn"]
[EventCountry "MKD"]
[SourceTitle "playchess.com"]
[Source "ChessBase"]
[SourceQuality "1"]
[TimeControl "40/5400+30:1800+30"]

1. d4 {[%emt 0:00:02]} Nf6 {[%emt 0:00:07]} 2. g3 {[%emt 0:00:02]} g6 {[%emt 0:
01:31]} 3. Bg2 {[%emt 0:00:05]} d5 {[%emt 0:00:06]} 4. c4 {[%emt 0:00:34]} Bg7
{[%emt 0:00:45]} 5. Qa4+ {[%emt 0:06:44]} c6 {[%emt 0:08:38]} 6. Nf3 {[%emt 0:
04:01]} O-O {[%emt 0:00:44]} 7. O-O {[%emt 0:00:07]} Nbd7 {[%emt 0:10:27]} 8.
cxd5 {[%emt 0:02:23]} Nb6 {[%emt 0:09:32]} 9. Qa3 {[%emt 0:00:36]} Nfxd5 {
[%emt 0:03:27]} 10. e4 {[%emt 0:26:17]} Nc7 {[%emt 0:01:40]} 11. Nc3 {[%emt 0:
00:08]} Bg4 {[%emt 0:02:09]} 12. Ne5 {[%emt 0:09:02]} Be6 {[%emt 0:04:39]} 13.
Rd1 {[%emt 0:02:29]} f6 {[%emt 0:21:44]} 14. Nf3 {[%emt 0:01:59]} Bf7 {[%emt 0:
02:00]} 15. b3 {[%emt 0:03:47]} Nc8 {[%emt 0:11:03]} 16. Bf4 {[%emt 0:05:57]}
Nd6 {[%emt 0:01:18]} 17. Rac1 {[%emt 0:00:34]} Ncb5 {[%emt 0:05:42]} 18. Nxb5 {
[%emt 0:00:06]} Nxb5 {[%emt 0:00:04]} 19. Qc5 {[%emt 0:05:45]} Qb6 {[%emt 0:04:
36]} 20. Qc2 {[%emt 0:08:41]} Rfd8 {[%emt 0:02:31]} 21. Be3 {[%emt 0:00:39]}
Qa5 {[%emt 0:01:10]} 22. Bf1 {[%emt 0:02:35]} Nd6 {[%emt 0:01:40]} 23. Be2 {
[%emt 0:05:44]} Rac8 {[%emt 0:02:47]} 24. Nd2 {[%emt 0:00:38]} Qc7 {[%emt 0:02:
30]} 25. Bf1 {[%emt 0:04:33]} Qd7 {[%emt 0:00:56]} 26. a4 {[%emt 0:00:25]} b6 {
[%emt 0:01:09]} 27. Nc4 {[%emt 0:03:00]} Nxc4 {[%emt 0:00:24]} 28. bxc4 {
[%emt 0:00:13]} Qe8 {[%emt 0:00:36]} 29. c5 {[%emt 0:01:14]} bxc5 {[%emt 0:00:
26]} 30. Qxc5 {[%emt 0:00:35]} Qd7 {[%emt 0:00:38]} 31. Ba6 {[%emt 0:00:51]}
Rb8 {[%emt 0:00:12]} 32. Bc4 {[%emt 0:02:25]} Rbc8 {[%emt 0:00:46]} 33. Kg2 {
[%emt 0:00:56]} f5 {[%emt 0:00:30]} 34. Bxf7+ {[%emt 0:03:18]} Kxf7 {[%emt 0:
00:03]} 35. Qc4+ {[%emt 0:00:48]} e6 {[%emt 0:00:57]} 36. f3 {[%emt 0:00:34]}
Bf6 {[%emt 0:00:20]} 37. g4 {[%emt 0:00:32]} Qe7 {[%emt 0:00:40]} 38. Qc5 {
[%emt 0:00:40]} Qxc5 {[%emt 0:00:29]} 39. dxc5 {[%emt 0:00:24]} Rxd1 {[%emt 0:
00:32]} 40. Rxd1 {[%emt 0:00:00]} Rd8 {[%emt 0:00:00]} 41. Rb1 {[%emt 0:06:56]}
Rd7 {[%emt 0:05:52]} 42. Kf2 {[%emt 0:01:43]} Bd8 {[%emt 0:12:48]} 43. Ke2 {
[%emt 0:01:04]} Kf6 {[%emt 0:01:00]} 44. g5+ {[%emt 0:06:18]} Kf7 {[%emt 0:02:
31]} 45. Rb8 {[%emt 0:02:39]} e5 {[%emt 0:04:26]} 46. h4 {[%emt 0:03:46]} Ba5 {
[%emt 0:02:00]} 47. Rh8 {[%emt 0:06:00]} Ke6 {[%emt 0:00:45]} 48. Rc8 {[%emt 0:
03:26]} Rc7 {[%emt 0:00:34]} 49. Rd8 {[%emt 0:01:13]} Rd7 {[%emt 0:00:37]} 50.
Rb8 {[%emt 0:01:28]} Rd8 {[%emt 0:00:47]} 51. Rb7 {[%emt 0:01:14]} Rd7 {
[%emt 0:00:06]} 52. Rb8 {[%emt 0:00:31]} Rd8 {[%emt 0:00:39]} 53. Rb7 {[%emt 0:
00:32]} Rd7 {[%emt 0:00:15]} 54. Rb8 {[%emt 0:00:39]} Rd8 1/2-1/2

[Event "25th European Club Cup Women 2021"]
[Site "Struga"]
[Date "2021.09.20"]
[Round "3.1"]
[White "Goryachkina, Aleksandra"]
[Black "Bivol, Alina"]
[Result "1/2-1/2"]
[WhiteElo "2608"]
[BlackElo "2385"]
[Annotator "TA"]
[PlyCount "141"]
[EventDate "2021.09.18"]
[EventType "team-tourn"]
[EventCountry "MKD"]
[SourceTitle "playchess.com"]
[Source "ChessBase"]
[SourceQuality "1"]

{[%evp 11,141,-2,0,0,29,22,28,0,6,11,29,-5,-5,0,0,-4,0,0,21,-6,0,-6,-1,0,0,0,0,
0,7,0,5,0,1,-6,0,0,0,0,0,0,0,0,0,0,0,0,0,0,0,0,0,-17,0,0,0,0,0,0,0,0,0,0,0,0,0,
0,0,0,67,59,52,0,0,0,0,-10,0,0,0,0,0,0,8,0,8,8,8,0,0,0,0,0,0,0,0,0,0,0,0,0,0,0,
0,0,0,0,0,0,0,0,0,0,0,0,0,0,0,0,0,0,0,0,0,0,0,0,0,0,0,0,0,0]} 1. d4 d5 2. Nf3
Nf6 3. Bf4 e6 4. e3 c5 5. Nbd2 Nc6 6. c3 Nh5 7. Bg5 {D02: 1 d4 d5 2 Nf3
sidelines, including 2...Nf6 3 g3 and 2...Nf6 3 Bf4.} Qb6 8. dxc5 Bxc5 {[#]} 9.
Nb3 $146 {White has an edge.} ({Predecessor:} 9. b4 Bf8 10. e4 h6 11. Be3 Qc7
12. b5 Na5 13. exd5 exd5 14. b6 axb6 15. Nd4 {0-1 (91) Berzinsh,R (2376)
-Stupak,K (2551) Cheliabinsk 2019}) 9... Be7 10. Bxe7 Nxe7 11. Bd3 Nf6 12. O-O
O-O 13. c4 dxc4 14. Bxc4 Bd7 15. Qe2 Bc6 16. Ne5 Rac8 17. Nd4 Bd5 18. Bxd5
Nexd5 19. Rac1 Qd6 20. Nd3 Nb4 21. Nxb4 Qxb4 22. Qb5 Qxb5 23. Nxb5 Rfd8 24.
Rxc8 Rxc8 25. Nxa7 $11 {[%mdl 4096] Endgame KRN-KRN} Rc2 26. Rb1 Ne4 27. Nb5
Nxf2 ({Not} 27... Rxf2 $2 {[#]} 28. Nd6 $1 $18 {[%mdl 512]}) 28. Na3 Rd2 29.
Nc4 Rc2 30. Na3 Rd2 31. Rc1 {[#] Rc8+ would kill now.} Rd1+ 32. Rxd1 Nxd1 {
KN-KN} 33. Nc4 {Hoping for a4.} b5 34. Nd6 Nxb2 35. Nxb5 Kf8 36. Kf2 Ke7 37.
Ke2 Kd7 38. Kd2 Kc6 39. Nc3 Kc5 (39... h6 $11) 40. Ne4+ $14 Kd5 41. Nf2 (41.
Ng5 $1 $14) 41... Nc4+ {The position is equal.} 42. Kd3 f5 43. Nd1 Ne5+ 44. Kc3
Nc6 45. a4 e5 46. Nf2 g6 47. e4+ Kc5 48. Nd3+ Kd6 49. Kc4 fxe4 50. Nf2 Na5+ 51.
Kc3 e3 52. Ne4+ Kc6 53. Kd3 Nc4 54. Ng5 ({Don't blunder} 54. Kxc4 $2 e2 $19)
54... Nb2+ 55. Kxe3 {Ke4 is the strong threat.} h6 56. Nf7 {And now Ke4 would
win.} Kd5 57. Nxh6 Nxa4 58. Nf7 Ke6 59. Ng5+ Kf5 60. Ne4 Nb6 61. Kf3 Nd5 62.
Ng3+ Kf6 63. h4 Ke6 64. Ne4 Kf5 65. g3 Ke6 66. Nc5+ Kd6 67. Ne4+ Ke6 68. g4 Ke7
69. Ng3 Ke6 70. Ne2 Kd6 71. Ng3 {Weighted Error Value: White=0.04/Black=0.05}
1/2-1/2

[Event "25th European Club Cup Women 2021"]
[Site "Struga"]
[Date "2021.09.20"]
[Round "3.2"]
[White "Heinemann, Josefine"]
[Black "Dzagnidze, Nana"]
[Result "0-1"]
[WhiteElo "2292"]
[BlackElo "2525"]
[Annotator "ChessBase"]
[PlyCount "56"]
[EventDate "2021.09.18"]
[EventType "team-tourn"]
[EventCountry "MKD"]
[SourceTitle "playchess.com"]
[Source "ChessBase"]
[SourceQuality "1"]
[TimeControl "40/5400+30:1800+30"]

1. e4 {[%emt 0:00:03]} c6 {[%emt 0:00:05]} 2. Nf3 {[%emt 0:00:30]} d5 {[%emt 0:
00:09]} 3. d3 {[%emt 0:00:05]} dxe4 {[%emt 0:01:52]} 4. dxe4 {[%emt 0:00:04]}
Qxd1+ {[%emt 0:00:16]} 5. Kxd1 {[%emt 0:00:05]} Nf6 {[%emt 0:00:55]} 6. Nfd2 {
[%emt 0:00:34]} Ng4 {[%emt 0:02:26]} 7. Ke1 {[%emt 0:04:18]} e5 {[%emt 0:00:30]
} 8. Nb3 {[%emt 0:02:37]} f5 {[%emt 0:02:55]} 9. N1d2 {[%emt 0:07:59]} Nf6 {
[%emt 0:16:07]} 10. Bd3 {[%emt 0:04:01]} g6 {[%emt 0:02:57]} 11. f3 {[%emt 0:
04:50]} Be6 {[%emt 0:01:44]} 12. Kf2 {[%emt 0:04:25]} Nbd7 {[%emt 0:04:54]} 13.
Re1 {[%emt 0:04:35]} O-O-O {[%emt 0:00:19]} 14. exf5 {[%emt 0:04:27]} gxf5 {
[%emt 0:00:18]} 15. Bc4 {[%emt 0:00:28]} Nd5 {[%emt 0:04:39]} 16. a4 {[%emt 0:
03:34]} Re8 {[%emt 0:08:05]} 17. g3 {[%emt 0:06:37]} Nb4 {[%emt 0:09:12]} 18.
Bd3 {[%emt 0:05:29]} h5 {[%emt 0:00:32]} 19. Re2 {[%emt 0:04:26]} h4 {[%emt 0:
02:21]} 20. Kg2 {[%emt 0:04:29]} hxg3 {[%emt 0:11:04]} 21. hxg3 {[%emt 0:00:30]
} Re7 {[%emt 0:02:39]} 22. Na5 {[%emt 0:05:29]} Nxd3 {[%emt 0:02:53]} 23. cxd3
{[%emt 0:00:09]} Bd5 {[%emt 0:01:14]} 24. Nac4 {[%emt 0:09:51]} Reh7 {[%emt 0:
00:45]} 25. Nf1 {[%emt 0:02:46]} e4 {[%emt 0:00:28]} 26. Ncd2 {[%emt 0:00:45]}
exd3 {[%emt 0:06:10]} 27. Re3 {[%emt 0:02:46]} Bc5 {[%emt 0:01:44]} 28. Rxd3 {
[%emt 0:00:43]} Rh1 {[%emt 0:00:14]} 0-1

[Event "25th European Club Cup Women 2021"]
[Site "Struga"]
[Date "2021.09.20"]
[Round "3.3"]
[White "Paehtz, Elisabeth"]
[Black "Dordzhieva, Dinara"]
[Result "1-0"]
[WhiteElo "2465"]
[BlackElo "2303"]
[Annotator "ChessBase"]
[PlyCount "109"]
[EventDate "2021.09.18"]
[EventType "team-tourn"]
[EventCountry "MKD"]
[SourceTitle "playchess.com"]
[Source "ChessBase"]
[SourceQuality "1"]
[TimeControl "40/5400+30:1800+30"]

1. e4 {[%emt 0:00:02]} e5 {[%emt 0:00:10]} 2. Nf3 {[%emt 0:00:57]} Nc6 {
[%emt 0:00:04]} 3. Bc4 {[%emt 0:00:09]} Bc5 {[%emt 0:00:05]} 4. d3 {[%emt 0:01:
27]} Nf6 {[%emt 0:00:07]} 5. c3 {[%emt 0:00:55]} d6 {[%emt 0:00:12]} 6. Bb3 {
[%emt 0:00:45]} a5 {[%emt 0:01:21]} 7. h3 {[%emt 0:00:48]} h6 {[%emt 0:00:28]}
8. Nbd2 {[%emt 0:05:38]} O-O {[%emt 0:01:14]} 9. O-O {[%emt 0:01:40]} Ba7 {
[%emt 0:00:36]} 10. Re1 {[%emt 0:01:43]} Ne7 {[%emt 0:01:18]} 11. Nf1 {[%emt 0:
01:07]} Ng6 {[%emt 0:00:19]} 12. Ng3 {[%emt 0:01:19]} Be6 {[%emt 0:01:33]} 13.
d4 {[%emt 0:01:55]} Qc8 {[%emt 0:11:02]} 14. Be3 {[%emt 0:07:45]} Re8 {[%emt 0:
05:26]} 15. Bc2 {[%emt 0:03:22]} Qb8 {[%emt 0:08:37]} 16. Qd2 {[%emt 0:02:41]}
Kh7 {[%emt 0:11:38]} 17. Nf5 {[%emt 0:03:42]} Ng8 {[%emt 0:00:52]} 18. Nh2 {
[%emt 0:09:02]} f6 {[%emt 0:04:41]} 19. Ng3 {[%emt 0:11:13]} b5 {[%emt 0:10:30]
} 20. Nh5 {[%emt 0:04:27]} Bf7 {[%emt 0:12:40]} 21. f4 {[%emt 0:03:45]} Nxf4 {
[%emt 0:09:02]} 22. Nxf4 {[%emt 0:00:17]} exf4 {[%emt 0:00:02]} 23. Bxf4 {
[%emt 0:01:37]} Bg6 {[%emt 0:00:03]} 24. Kh1 {[%emt 0:02:46]} Kh8 {[%emt 0:03:
24]} 25. Nf1 {[%emt 0:10:38]} Qb7 {[%emt 0:02:47]} 26. Ng3 {[%emt 0:00:05]} c5
{[%emt 0:06:53]} 27. Bb3 {[%emt 0:06:34]} Rad8 {[%emt 0:01:05]} 28. Bd5 {
[%emt 0:01:22]} Qb6 {[%emt 0:00:10]} 29. Rad1 {[%emt 0:00:29]} Kh7 {[%emt 0:03:
29]} 30. h4 {[%emt 0:01:48]} Kh8 {[%emt 0:00:04]} 31. h5 {[%emt 0:01:42]} Bh7 {
[%emt 0:00:03]} 32. Bf7 {[%emt 0:01:40]} Re7 {[%emt 0:00:43]} 33. Bg6 {[%emt 0:
05:02]} Bxg6 {[%emt 0:01:00]} 34. hxg6 {[%emt 0:00:03]} Qc6 {[%emt 0:00:02]}
35. dxc5 {[%emt 0:06:14]} Bxc5 {[%emt 0:00:32]} 36. Qe2 {[%emt 0:01:49]} Re6 {
[%emt 0:02:59]} 37. Qg4 {[%emt 0:00:40]} Qe8 {[%emt 0:01:20]} 38. Re2 {[%emt 0:
00:54]} Rd7 {[%emt 0:01:44]} 39. Rd5 {[%emt 0:00:46]} f5 {[%emt 0:00:45]} 40.
exf5 {[%emt 0:00:00]} Rxe2 {[%emt 0:00:00]} 41. Qxe2 {[%emt 0:00:43]} Re7 {
[%emt 0:00:54]} 42. Qf3 {[%emt 0:04:48]} Re1+ {[%emt 0:01:03]} 43. Kh2 {
[%emt 0:01:17]} Rb1 {[%emt 0:14:49]} 44. Rd2 {[%emt 0:04:25]} Qd8 {[%emt 0:04:
23]} 45. Kh3 {[%emt 0:00:50]} Nf6 {[%emt 0:01:06]} 46. Re2 {[%emt 0:03:19]} b4
{[%emt 0:02:09]} 47. cxb4 {[%emt 0:04:18]} axb4 {[%emt 0:00:10]} 48. Qc6 {
[%emt 0:02:41]} Ra1 {[%emt 0:01:07]} 49. Re6 {[%emt 0:01:32]} Bf2 {[%emt 0:01:
01]} 50. Qxd6 {[%emt 0:01:06]} Qxd6 {[%emt 0:03:46]} 51. Rxd6 {[%emt 0:00:07]}
Bxg3 {[%emt 0:00:25]} 52. Rd8+ {[%emt 0:00:08]} Ng8 {[%emt 0:00:03]} 53. Kxg3 {
[%emt 0:00:08]} Rxa2 {[%emt 0:00:04]} 54. Be5 {[%emt 0:00:42]} Ra6 {[%emt 0:00:
57]} 55. Rb8 {[%emt 0:00:30]} 1-0

[Event "25th European Club Cup Women 2021"]
[Site "Struga"]
[Date "2021.09.20"]
[Round "3.4"]
[White "Hrescak, Ivana"]
[Black "Skripchenko, Almira"]
[Result "1/2-1/2"]
[WhiteElo "2142"]
[BlackElo "2396"]
[Annotator "NA"]
[PlyCount "60"]
[EventDate "2021.09.18"]
[EventType "team-tourn"]
[EventCountry "MKD"]
[SourceTitle "playchess.com"]
[Source "ChessBase"]
[SourceQuality "1"]
[TimeControl "40/5400+30:1800+30"]

1. d4 {[%emt 0:00:03]} d5 {[%emt 0:00:28]} 2. c4 {[%emt 0:00:06]} dxc4 {
[%emt 0:00:06]} 3. Nf3 {[%emt 0:00:04]} e6 {[%emt 0:00:19]} 4. e3 {[%emt 0:00:
14]} c5 {[%emt 0:01:07]} 5. Bxc4 {[%emt 0:00:16]} Nf6 {[%emt 0:00:25]} 6. O-O {
[%emt 0:00:21]} a6 {[%emt 0:01:09]} 7. dxc5 {[%emt 0:07:01]} Qxd1 {[%emt 0:01:
04]} 8. Rxd1 {[%emt 0:00:01]} Bxc5 {[%emt 0:00:10]} 9. a3 {[%emt 0:03:40]} b5 {
[%emt 0:07:33]} 10. Be2 {[%emt 0:00:09]} Bb7 {[%emt 0:00:05]} 11. b4 {[%emt 0:
00:50]} Be7 {[%emt 0:00:07]} 12. Bb2 {[%emt 0:00:08]} Nbd7 {[%emt 0:00:07]} 13.
Nbd2 {[%emt 0:02:54]} Rc8 {[%emt 0:03:16]} 14. Rac1 {[%emt 0:03:22]} O-O {
[%emt 0:00:07]} 15. Nb3 {[%emt 0:08:01]} Bd5 {[%emt 0:04:10]} 16. Nfd2 {
[%emt 0:06:13]} Nb6 {[%emt 0:00:18]} 17. Bd4 {[%emt 0:01:56]} Na4 {[%emt 0:17:
20]} 18. Rxc8 {[%emt 0:09:59]} Rxc8 {[%emt 0:00:09]} 19. Rc1 {[%emt 0:01:11]}
Rxc1+ {[%emt 0:00:50]} 20. Nxc1 {[%emt 0:00:01]} Nd7 {[%emt 0:04:13]} 21. e4 {
[%emt 0:04:32]} Ba8 {[%emt 0:06:06]} 22. f4 {[%emt 0:00:44]} Nab6 {[%emt 0:06:
48]} 23. Ncb3 {[%emt 0:06:53]} f6 {[%emt 0:02:41]} 24. Be3 {[%emt 0:02:00]} Kf7
{[%emt 0:00:40]} 25. Bd3 {[%emt 0:01:47]} Na4 {[%emt 0:04:27]} 26. Bc2 {
[%emt 0:02:36]} e5 {[%emt 0:04:31]} 27. f5 {[%emt 0:03:01]} Bd6 {[%emt 0:08:19]
} 28. Kf2 {[%emt 0:03:17]} Ke7 {[%emt 0:03:50]} 29. Na5 {[%emt 0:04:53]} Nc3 {
[%emt 0:03:46]} 30. Nab3 {[%emt 0:01:58]} Na4 {[%emt 0:00:26]} 1/2-1/2